<?xml version="1.0" encoding="UTF-8"?>
<record
    xmlns:xsi="http://www.w3.org/2001/XMLSchema-instance"
    xsi:schemaLocation="http://www.loc.gov/MARC21/slim http://www.loc.gov/standards/marcxml/schema/MARC21slim.xsd"
    xmlns="http://www.loc.gov/MARC21/slim">

  <leader>02077nam a2200493 a 4500</leader>
  <controlfield tag="003">PE-LiUPU</controlfield>
  <controlfield tag="005">20250731184610.0</controlfield>
  <controlfield tag="008">220129p2019    pe a   gr     000 0 spa</controlfield>
  <datafield tag="017" ind1=" " ind2=" ">
    <subfield code="a">2019-15344</subfield>
  </datafield>
  <datafield tag="020" ind1=" " ind2=" ">
    <subfield code="a">9786124466007</subfield>
  </datafield>
  <datafield tag="040" ind1=" " ind2=" ">
    <subfield code="a">pelibn </subfield>
    <subfield code="b">spa </subfield>
    <subfield code="e">rda </subfield>
    <subfield code="c">PE-LiUPU</subfield>
    <subfield code="d">PE-LiUPU</subfield>
  </datafield>
  <datafield tag="082" ind1="0" ind2="4">
    <subfield code="a">985.42</subfield>
    <subfield code="2">23</subfield>
    <subfield code="b">K96r</subfield>
  </datafield>
  <datafield tag="100" ind1="1" ind2=" ">
    <subfield code="a">Kuon Cabello, Luis Enrique, </subfield>
    <subfield code="d">1913-, </subfield>
    <subfield code="e">autor.</subfield>
  </datafield>
  <datafield tag="245" ind1="1" ind2="0">
    <subfield code="a">Retazos de la historia de Moquegua / </subfield>
    <subfield code="c">Luis E. Kuon Cabello.</subfield>
  </datafield>
  <datafield tag="250" ind1=" " ind2=" ">
    <subfield code="a">Tercera edici&#xF3;n.</subfield>
  </datafield>
  <datafield tag="264" ind1="3" ind2="1">
    <subfield code="a">Moquegua : </subfield>
    <subfield code="b">Universidad Nacional de Moquegua, </subfield>
    <subfield code="c">2019.</subfield>
  </datafield>
  <datafield tag="264" ind1="3" ind2="3">
    <subfield code="a">Lima : </subfield>
    <subfield code="b">Tarea Asociaci&#xF3;n Gr&#xE1;fica Educativa.</subfield>
  </datafield>
  <datafield tag="300" ind1=" " ind2=" ">
    <subfield code="a">874 p&#xE1;ginas : </subfield>
    <subfield code="b">ilustraciones, retratos ; </subfield>
    <subfield code="c">25 cent&#xED;metros.</subfield>
  </datafield>
  <datafield tag="336" ind1=" " ind2=" ">
    <subfield code="a">Texto </subfield>
    <subfield code="2">rdacontent</subfield>
  </datafield>
  <datafield tag="337" ind1=" " ind2=" ">
    <subfield code="a">sin mediaci&#xF3;n </subfield>
    <subfield code="2">rdamedia</subfield>
  </datafield>
  <datafield tag="338" ind1=" " ind2=" ">
    <subfield code="a">volumen </subfield>
    <subfield code="2">rdacarrier</subfield>
  </datafield>
  <datafield tag="500" ind1=" " ind2=" ">
    <subfield code="a">&#x93;Abarca desde la &#xE9;poca pre-inca hasta el a&#xF1;o 2001con algunas excepciones&#x94;.</subfield>
  </datafield>
  <datafield tag="504" ind1=" " ind2=" ">
    <subfield code="a">Bibliograf&#xED;a: p&#xE1;ginas 827-829.</subfield>
  </datafield>
  <datafield tag="505" ind1=" " ind2=" ">
    <subfield code="a">Etimolog&#xED;a de Moquegua -- Moquegua preincaica e incaica -- La emancipaci&#xF3;n -- La rep&#xFA;blica -- Vida religiosa de Moquegua -- Vida cultural de Moquegua -- Vida econ&#xF3;mica de Moquegua -- La mujer Moqueguana -- Expresiones del esfuerzo de un pueblo -- Los s&#xED;mbolos de Moquegua -- Visi&#xF3;n panor&#xE1;mica de Moquegua -- P&#xE1;ginas del &#xE1;lbum familiar -- Meditaciones -- El territorio de Moquegua</subfield>
  </datafield>
  <datafield tag="526" ind1=" " ind2=" ">
    <subfield code="a">P136</subfield>
  </datafield>
  <datafield tag="526" ind1=" " ind2=" ">
    <subfield code="a">P135</subfield>
  </datafield>
  <datafield tag="526" ind1=" " ind2=" ">
    <subfield code="a">P134</subfield>
  </datafield>
  <datafield tag="526" ind1=" " ind2=" ">
    <subfield code="a">P133</subfield>
  </datafield>
  <datafield tag="526" ind1=" " ind2=" ">
    <subfield code="a">P144</subfield>
  </datafield>
  <datafield tag="526" ind1=" " ind2=" ">
    <subfield code="a">P143</subfield>
  </datafield>
  <datafield tag="526" ind1=" " ind2=" ">
    <subfield code="a">P87</subfield>
  </datafield>
  <datafield tag="526" ind1=" " ind2=" ">
    <subfield code="a">P35</subfield>
  </datafield>
  <datafield tag="526" ind1=" " ind2=" ">
    <subfield code="a">P20</subfield>
  </datafield>
  <datafield tag="526" ind1=" " ind2=" ">
    <subfield code="a">P14</subfield>
  </datafield>
  <datafield tag="526" ind1=" " ind2=" ">
    <subfield code="a">P10</subfield>
  </datafield>
  <datafield tag="526" ind1=" " ind2=" ">
    <subfield code="a">P06</subfield>
  </datafield>
  <datafield tag="651" ind1=" " ind2="8">
    <subfield code="a">Moquegua (Per&#xFA; : Departamento)</subfield>
    <subfield code="x">Historia.</subfield>
    <subfield code="9">995</subfield>
  </datafield>
  <datafield tag="651" ind1=" " ind2="8">
    <subfield code="a">Moquegua (Per&#xFA; : Departamento)</subfield>
    <subfield code="x">-Vida y costumbres sociales.</subfield>
  </datafield>
  <datafield tag="651" ind1=" " ind2="8">
    <subfield code="a">Moquegua (Per&#xFA; : Departamento)</subfield>
    <subfield code="x">Geograf&#xED;a.</subfield>
  </datafield>
  <datafield tag="710" ind1="2" ind2=" ">
    <subfield code="a">Universidad Nacional de Moquegua, </subfield>
    <subfield code="e">entidad editora.</subfield>
    <subfield code="9">4414</subfield>
  </datafield>
  <datafield tag="942" ind1=" " ind2=" ">
    <subfield code="2">ddc</subfield>
    <subfield code="c">BK</subfield>
    <subfield code="n">0</subfield>
  </datafield>
  <datafield tag="999" ind1=" " ind2=" ">
    <subfield code="c">61759</subfield>
    <subfield code="d">61759</subfield>
  </datafield>
  <datafield tag="980" ind1=" " ind2=" ">
    <subfield code="6">18226</subfield>
    <subfield code="a">Jaime Vilcaz&#xE1;n Jefe de An&#xE1;lisis Documental</subfield>
    <subfield code="8">1</subfield>
    <subfield code="g">ALBERTO SANCHEZ Responsable de Automatizaci&#xF3;n</subfield>
  </datafield>
  <datafield tag="952" ind1=" " ind2=" ">
    <subfield code="r">2025-12-03 00:00:00</subfield>
    <subfield code="l">0</subfield>
    <subfield code="o">985.42 K96r</subfield>
    <subfield code="p">81364</subfield>
    <subfield code="t">e1</subfield>
    <subfield code="v">50.00</subfield>
    <subfield code="w">2023-05-04</subfield>
    <subfield code="x">FACIHED</subfield>
    <subfield code="y">BK</subfield>
    <subfield code="z">inventario-2023-12-13</subfield>
    <subfield code="1">0</subfield>
    <subfield code="2">ddc</subfield>
    <subfield code="5">0</subfield>
    <subfield code="7">0</subfield>
    <subfield code="8">GEN</subfield>
    <subfield code="f">P20</subfield>
    <subfield code="a">BUL</subfield>
    <subfield code="b">BUL</subfield>
    <subfield code="c">GEN</subfield>
    <subfield code="d">2021-11-19</subfield>
    <subfield code="e">Donaci&#xF3;n UNAM</subfield>
  </datafield>
</record>
